000 00719nam a2200229Ia 4500
003 OSt
005 20221007072910.0
006 a|||||r|||| 00| 0
007 ta
008 221006b |||||||| |||| 00| 0 eng d
024 _a25,638
037 _cTextual
040 _aFLL
_cFLL
_beng
041 _2eng
_aeng
082 _aZ1:881hN20, F1
100 _aBellot Hugh H.L.
_9691593
245 0 _aTexts illustrating the constitution of the Supreme Court of the United States and the permanent court of international justice
260 _aLondon
_bSweet and Maxwell Ltd. London
_c1921
300 _a1-64p
_ccm.
942 _hZ1:881hN20, F1
_cTEXL
_2CC
999 _c1147215
_d1147215